000 00407nam a2200157Ia 4500
003 Ost
005 20260225132540.0
008 260225s9999||||xx |||||||||||||| ||und||
040 _cfsic
041 _afre
082 _a302.23
100 _aJean michel saillant
_eAuteur
245 0 _aComprendre la dimention médiatique,comment analyser les médias /
245 0 _cJean michel saillant
942 _cكتاب
999 _c33462
_d33462